00470pab a2200157 454500008004000000100002400040245009800064260000900162300001300171362001100184650003000195650002600225650002800251650001300279773002000292180718b2015 xxu||||| |||| 00| 0 eng d aSrivastava, Shivani aSocial responsibility among students in National Service Scheme through participatory methods c2015 ap.23-26. a22 Jun aParticipatory development aSocial responsibility aNational Service Scheme aStudents aUniversity News